000 00379nam a2200157Ia 4500
008 240729s9999 xx 000 0 und d
022 _a1336-9083
245 0 _aHelminthologia
260 _aPoland
260 _bSciendo
650 _a Microbiology
650 _aScience
856 _uhttps://doaj.org/toc/873953e2a11e4250a44de0747d742127
942 _2ddc
942 _cDOAJEJ
999 _c68468
_d68468
945 _a1
_bMadushi Gamage
_c1
_dMadushi Gamage